| Tag |
First Indicator |
Second Indicator |
Subfields |
| LEADER |
00000cam a2200000Ka 4500 |
| 001 |
in00002400613 |
| 005 |
20211129160426.0 |
| 006 |
m d f |
| 008 |
080717s2002 dcu s f000 0 eng d |
| 035 |
|
|
|a (OCoLC)ocn234185512
|
| 040 |
|
|
|a GPO
|c GPO
|d GPO
|d MvI
|d UtOrBLW
|
| 049 |
|
|
|a WWW
|
| 074 |
|
|
|a 1063-H (online)
|
| 086 |
0 |
|
|a Y 3.D 63/3:2 C 74/2
|
| 245 |
0 |
0 |
|a Understanding the potential content and structure of an international convention on the human rights of people with disabilities :
|b sample treaty provisions drawn from existing international instruments : a reference tool /
|c National Council on Disability.
|
| 246 |
1 |
7 |
|a Human rights of people with disabilities :
|b sample treaty provisions
|
| 264 |
|
1 |
|a Washington, DC :
|b National Council on Disability,
|c 2002.
|
| 300 |
|
|
|a 92 pages :
|b digital, PDF file.
|
| 336 |
|
|
|a text
|b txt
|2 rdacontent
|
| 337 |
|
|
|a computer
|b c
|2 rdamedia
|
| 338 |
|
|
|a unspecified
|b zu
|2 rdacarrier
|
| 538 |
|
|
|a Mode of access: Internet via the National Council on Disability web site. Address as of 07/17/08: http://www.ncd.gov/newsroom/publications/2002/pdf/understanding%5f7-30-02.pdf ; current access available via PURL.
|
| 500 |
|
|
|a Title from title screen (viewed on July 17, 2008).
|
| 500 |
|
|
|a "Publication date: July 29, 2002."
|
| 500 |
|
|
|a Electronic resource.
|
| 650 |
|
0 |
|a People with disabilities
|x Civil rights
|x International cooperation.
|
| 650 |
|
0 |
|a People with disabilities
|x Civil rights
|z United States.
|
| 650 |
|
0 |
|a People with disabilities
|x Legal status, laws, etc.
|
| 650 |
|
0 |
|a Human rights
|x International cooperation.
|
| 650 |
|
0 |
|a Humanitarian law.
|
| 710 |
2 |
|
|a National Council on Disability (U.S.)
|
| 856 |
4 |
0 |
|u https://purl.fdlp.gov/GPO/LPS97296
|t 0
|
| 999 |
|
|
|a MARS
|
| 999 |
f |
f |
|s 3f537004-cad8-3342-a75e-2adf301fa386
|i 4426e102-c9b1-3fe4-a2ad-8c930405b596
|t 0
|
| 952 |
f |
f |
|a Texas A&M University
|b College Station
|c Electronic Resources
|d Available Online
|t 0
|e Y 3.D 63/3:2 C 74/2
|h Superintendent of Documents classification
|
| 998 |
f |
f |
|a Y 3.D 63/3:2 C 74/2
|t 0
|l Available Online
|